| 000 | 01241nam a22002057a 4500 | ||
|---|---|---|---|
| 008 | 100627s2002 jo|||||r|||| 100 0 ara d | ||
| 082 |
_222 _bم ش ر _a306.0956 |
||
| 245 |
_a /المشروع الحضاري العربي بين التراث والحضارة _cخالد الكريكي [وآخ ...] ؛ مراجعة وتقديم فهمي جدعان ؛ تحرير غسان إسماعيل عبد الخالق |
||
| 260 |
_aعمان، الأردن ك _bمؤسسة عبد الحميد شومان ، 2002 _c2002 |
||
| 300 |
_a466 ص ؛ _c24 سم |
||
| 490 |
_915239 _a؛ حوارات في الفكر العربي ا لمعاصر _v4 |
||
| 541 |
_aالمؤسسة العربية للدراسات ؛ _cشراء ؛ |
||
| 650 |
_913400 _aالثقافة العربية |
||
| 651 |
_915242 _aالعالم العربي _xالأحوال الثقافية |
||
| 700 |
_915243 _aالكركي، خالد |
||
| 700 |
_915244 _a؛ جدعان، فهمي _eمراجعة وتقديم |
||
| 700 |
_915245 _aعبد الخالق، غسان إسماعيل _eتحرير |
||
| 942 |
_2ddc _cBB |
||
| 999 |
_c14222 _d14222 |
||